[Event "SCO-ch 120th"]
[Site "Helensburgh"]
[Date "2013.07.13"]
[Round "8.8"]
[White "Scott, Ian D"]
[Black "Kleboe, James PR"]
[Result "0-1"]
[WhiteElo "1717"]
[BlackElo "1880"]
[PlyCount "74"]
[EventDate "2013.07.06"]
[EventType "swiss"]
[EventRounds "9"]
[EventCountry "SCO"]
[SourceTitle "EXT 2023"]
[Source "ChessBase"]
[SourceDate "2022.10.05"]
[SourceVersion "1"]
[SourceVersionDate "2022.10.05"]
[SourceQuality "1"]

1. e4 c6 2. Nc3 d5 3. Nf3 dxe4 4. Nxe4 Nf6 5. Nxf6+ exf6 6. d4 Bd6 7. Bd3 0-0 8. 0-0 Be6 9. Be3 Nd7 10. c4 Re8 11. h3 Nf8 12. Qc2 Ng6 13. Rad1 Qd7 14. Rfe1 Bxh3 15. Bxg6 hxg6 16. g3 Bf5 17. Qd2 Be4 18. Nh2 Qh3 19. f3 Qxg3+ 20. Qg2 Qxh2+ 21. Qxh2 Bxh2+ 22. Kxh2 Bxf3 23. Rd3 Be4 24. Rb3 Re7 25. Bf4 Rd8 26. Be3 f5 27. Ra3 a6 28. b4 f6 29. Rc3 b5 30. Bf2 Rde8 31. cxb5 axb5 32. a3 f4 33. Rd1 Bd5 34. Rd2 g5 35. Kh3 f5 36. Rb2 g6 37. Rcc2 Rh7+ 0-1